Príprava a štúdium meďnatých komplexov s aniónmi nesteroidných protizápalových liečiv a bidentátnymi N-donorovými ligandami
Saved in:
| Main Author: | |
|---|---|
| Other Authors: | |
| Format: | Manuscript Book |
| Language: | Slovak |
| Published: |
2024
|
| Subjects: | |
| Online Access: | http://is.stuba.sk/zp/portal_zp.pl?podrobnosti=185479 |
| Tags: |
No Tags, Be the first to tag this record!
|
MARC
| LEADER | 00000ntm a22000003a 4500 | ||
|---|---|---|---|
| 001 | stuzp99265 | ||
| 003 | SK-STU | ||
| 005 | 20240622210813.2 | ||
| 007 | ta | ||
| 008 | 150427s2015----xo-----f-mn---000-0-slo-d | ||
| 040 | |a STU |b slo | ||
| 041 | 0 | |a slo | |
| 100 | 1 | |a Kavecký, Peter |u 042190 |4 aut |U FCHPT Ústav anorganickej chémie, technológie a materiálov |T FCHPT Oddelenie anorganickej chémie |X 105420 |U C2190 |Y 112 |7 105420 | |
| 242 | 0 | 1 | |a Preparation and study of copper complexes with non-steroidal anti-inflammatory drug anions and bidentate N-donor ligands |y eng |
| 245 | 1 | 0 | |a Príprava a štúdium meďnatých komplexov s aniónmi nesteroidných protizápalových liečiv a bidentátnymi N-donorovými ligandami |
| 260 | |c 2024 | ||
| 650 | 4 | |a fenantrolín |2 slo | |
| 650 | 4 | |a bipyridín |2 slo | |
| 650 | 4 | |a meďnaté komplexy |2 slo | |
| 650 | 4 | |a NSAID |2 slo | |
| 650 | 4 | |a klonixín |2 slo | |
| 650 | 4 | |a clonixin |2 eng | |
| 650 | 4 | |a copper complexes |2 eng | |
| 650 | 4 | |a NSAIDs |2 eng | |
| 650 | 4 | |a phenanthroline |2 eng | |
| 650 | 4 | |a bipyridine |2 eng | |
| 700 | 1 | |a Piroš, Milan |u 042190 |k Z8 |4 ths |U FCHPT Ústav anorganickej chémie, technológie a materiálov |T FCHPT Oddelenie anorganickej chémie |X 76470 |U C2190 |Y 112 |7 76470 | |
| 856 | 4 | |u http://is.stuba.sk/zp/portal_zp.pl?podrobnosti=185479 | |